| 000 | 00807cam a2200229 i 4500 | ||
|---|---|---|---|
| 999 |
_c7769 _d7769 |
||
| 003 | OSt | ||
| 005 | 20200520143324.0 | ||
| 008 | 160219s2016 ne ab 000 0 eng | ||
| 020 | _a9789462082878 (paperback) | ||
| 042 | _apcc | ||
| 082 | _a720.47BER | ||
| 100 | 1 |
_aBergevoet, Tom, _eauthor. |
|
| 240 | 1 | 0 |
_aFlexibele stad. _lEnglish |
| 245 | 1 | 4 |
_aThe flexible city : _bsustainable solutions for a Europe in transition / _cTom Bergevoet & Maarten van Tuijl. |
| 300 |
_a222 pages : _billustrations (some color), maps (some color) ; _c24 cm |
||
| 500 | _aPreviously published in Dutch under the title: De flexibele stad. | ||
| 650 | 0 |
_aCity planning _zNetherlands. |
|
| 650 | 0 |
_aLand use _zNetherlands. |
|
| 650 | 0 |
_aRegional planning _zNetherlands. |
|
| 700 | 1 |
_aTuijl, Maarten van, _eauthor. |
|
| 942 | _2ddc | ||